| 000 | 00605cam a2200169 4500500 | ||
|---|---|---|---|
| 005 | 20251102004537.0 | ||
| 041 | _afre | ||
| 042 | _adc | ||
| 100 | 1 | 0 |
_aDiban, Maria _eauthor |
| 700 | 1 | 0 |
_aMagdalena Manriquez, María _eauthor |
| 700 | 1 | 0 |
_aHumphreys, Derek _eauthor |
| 245 | 0 | 0 | _aLe travail du collectif dans la prise en charge de la souffrance précoce : la création d’un milieu commun |
| 260 | _c2025. | ||
| 500 | _a6 | ||
| 786 | 0 | _nConnexions | 123 | 2 | 2025-09-17 | p. 55-67 | 0337-3126 | |
| 856 | 4 | 1 | _uhttps://shs.cairn.info/revue-connexions-2025-2-page-55?lang=fr&redirect-ssocas=7080 |
| 999 |
_c1560700 _d1560700 |
||